[Event "CAN-ch"]
[Site "Toronto CAN"]
[Date "2025.04.20"]
[Round "6.20"]
[White "Tan, Brendan"]
[Black "Mutyalapati, Modith Aaroh"]
[Result "1-0"]
[WhiteElo "1960"]
[BlackElo "1985"]
[WhiteFideId "-1"]
[WhiteFideId "-1"]
[PlyCount "135"]
[GameId "2173395970460436"]
[EventDate "2025.04.17"]
[EventType "swiss"]
[EventRounds "9"]
[EventCountry "CAN"]

1. e4 e6 2. Nc3 d5 3. Nf3 Nf6 4. e5 Nfd7 5. d4 c5 6. Bg5 Qb6 7. dxc5 Bxc5 8. Qd2 Nc6 9. O-O-O a6 10. Na4 Qc7 11. Nxc5 Nxc5 12. Qe3 Nd7 13. Bf4 b5 14. Rxd5 Nb4 15. Rd2 Nxa2+ 16. Kb1 Nb4 17. Qa3 Nd5 18. Rxd5 exd5 19. Bxb5 axb5 20. Qxa8 O-O 21. Qxd5 Nf6 22. Qd6 Qa7 23. Qa3 Qb7 24. Rd1 Nd5 25. Be3 Nxe3 26. Qxe3 b4 27. b3 Bf5 28. Qg5 Qe4 29. Nd4 Bg6 30. f3 Qd5 31. Qd2 Qxe5 32. Qxb4 Qc7 33. Kb2 Rb8 34. Qxb8+ Qxb8 35. Nc6 Qe8 36. Rd8 Kf8 37. Rxe8+ Kxe8 38. c4 Bd3 39. Kc3 Bf1 40. g3 Bg2 41. Nd4 g5 42. b4 h5 43. h4 f6 44. b5 Bh3 45. c5 Bc8 46. Kc4 f5 47. f4 gxf4 48. gxf4 Ke7 49. Kd5 Bd7 50. c6 Bc8 51. Ke5 Kd8 52. Nxf5 Kc7 53. Ne7 Bh3 54. Nd5+ Kb8 55. f5 Ka7 56. f6 Be6 57. Kxe6 Kb8 58. f7 Ka7 59. b6+ Ka6 60. f8=Q Ka5 61. Qa3+ Kb5 62. Nf6 Kxb6 63. Ng4 Kxc6 64. Qc3+ Kb7 65. Qb4+ Ka8 66. Kd7 Ka7 67. Kc7 hxg4 68. Qa3# 1-0

[Event "CAN-ch"]
[Site "Toronto CAN"]
[Date "2025.04.20"]
[Round "6.21"]
[White "Xu, Leon"]
[Black "Mok, Yuen Tak"]
[Result "1-0"]
[WhiteElo "1969"]
[BlackElo "1948"]
[WhiteFideId "-1"]
[WhiteFideId "-1"]
[PlyCount "73"]
[GameId "2173399189220127"]
[EventDate "2025.04.17"]
[EventType "swiss"]
[EventRounds "9"]
[EventCountry "CAN"]

1. e4 c6 2. d4 d5 3. exd5 cxd5 4. Bd3 Nc6 5. c3 Qc7 6. h3 e6 7. Ne2 Bd6 8. O-O Nge7 9. Nd2 O-O 10. a4 Bd7 11. f4 f6 12. Nf3 g6 13. Bd2 e5 14. fxe5 fxe5 15. dxe5 Qb6+ 16. Kh1 Nxe5 17. Nxe5 Rxf1+ 18. Qxf1 Bxe5 19. Bg5 Nf5 20. Qf3 Qd6 21. c4 Bc6 22. Bxf5 Rf8 23. c5 Qxc5 24. Be6+ Kh8 25. Qd3 d4 26. Rg1 Qd6 27. Bg4 Bxa4 28. Bf3 Rf5 29. Bh6 Rf7 30. Qc4 Qd7 31. Rc1 Re7 32. Bg4 Qc6 33. Nxd4 Qe4 34. Qxa4 Bc7 35. Rf1 Re8 36. Qd7 Qe5 37. Bg7+ 1-0

[Event "CAN-ch"]
[Site "Toronto CAN"]
[Date "2025.04.20"]
[Round "6.22"]
[White "Siddeley, Hugh"]
[Black "Wu, Nathan"]
[Result "1/2-1/2"]
[WhiteElo "1923"]
[BlackElo "2083"]
[WhiteFideId "-1"]
[WhiteFideId "-1"]
[PlyCount "99"]
[GameId "2173400840538919"]
[EventDate "2025.04.17"]
[EventType "swiss"]
[EventRounds "9"]
[EventCountry "CAN"]

1. d4 d5 2. c4 dxc4 3. e4 b5 4. a4 c6 5. b3 e5 6. dxe5 Qxd1+ 7. Kxd1 Nd7 8. Bb2 Nc5 9. Nd2 Bg4+ 10. Kc1 Nd3+ 11. Bxd3 cxd3 12. h3 Be6 13. Ngf3 Bb4 14. Nd4 Ne7 15. f4 O-O 16. f5 Bd7 17. Re1 a6 18. N4f3 c5 19. Kb1 bxa4 20. bxa4 Nc6 21. Re3 Bxd2 22. Rxd3 Bxf5 23. exf5 Bb4 24. Kc2 Rfd8 25. Rad1 Rxd3 26. Rxd3 Rd8 27. Rxd8+ Nxd8 28. Kd3 Nc6 29. Ng5 Ne7 30. Ke4 h6 31. Nf3 Nc8 32. e6 fxe6 33. fxe6 Nb6 34. Ne5 Kf8 35. Ng6+ Ke8 36. Bxg7 h5 37. Bf6 c4 38. Nf4 c3 39. Kd3 Nxa4 40. g4 hxg4 41. hxg4 Nc5+ 42. Kc2 Nxe6 43. Nxe6 Kf7 44. Bxc3 Bxc3 45. Nc5 Be5 46. Nxa6 Bd6 47. Kd3 Kg6 48. Ke4 Kg5 49. Kd5 Kxg4 50. Kxd6 1/2-1/2

[Event "CAN-ch"]
[Site "Toronto CAN"]
[Date "2025.04.20"]
[Round "6.23"]
[White "Trofimov-Malyshkin, Valentyn"]
[Black "Joseph, Jonath"]
[Result "1-0"]
[WhiteElo "1982"]
[BlackElo "2034"]
[WhiteFideId "-1"]
[WhiteFideId "-1"]
[PlyCount "59"]
[GameId "2173419713674031"]
[EventDate "2025.04.17"]
[EventType "swiss"]
[EventRounds "9"]
[EventCountry "CAN"]

1. d4 Nf6 2. c4 b6 3. Nc3 Bb7 4. d5 g6 5. e4 d6 6. Be2 Bg7 7. Be3 Nbd7 8. Qd2 h6 9. h4 Nc5 10. h5 g5 11. Qc2 a5 12. f4 gxf4 13. Bxf4 a4 14. Rd1 Nfd7 15. Nf3 Ne5 16. Bxe5 Bxe5 17. Nxe5 dxe5 18. O-O Qd7 19. b4 axb3 20. axb3 f6 21. b4 Na4 22. Nb5 c6 23. dxc6 Qxc6 24. Ra1 Kf7 25. Rxa4 Rxa4 26. Qxa4 Qxe4 27. Nd6+ exd6 28. Qd7+ Kg8 29. Qe6+ Kg7 30. Qxf6+ 1-0

[Event "CAN-ch"]
[Site "Toronto CAN"]
[Date "2025.04.20"]
[Round "6.24"]
[White "Lu, Tony"]
[Black "Malakar, Saarthak"]
[Result "1/2-1/2"]
[WhiteElo "1999"]
[BlackElo "1930"]
[WhiteFideId "-1"]
[WhiteFideId "-1"]
[PlyCount "266"]
[GameId "2173425763855162"]
[EventDate "2025.04.17"]
[EventType "swiss"]
[EventRounds "9"]
[EventCountry "CAN"]

1. c4 Nf6 2. g3 c6 3. Bg2 d5 4. Nf3 Bg4 5. Ne5 Bf5 6. cxd5 cxd5 7. Qa4+ Bd7 8. Nxd7 Qxd7 9. Qxd7+ Kxd7 10. Nc3 e6 11. d3 Nc6 12. O-O Bd6 13. h3 a6 14. Be3 b5 15. f4 Rac8 16. Rac1 Rhd8 17. Bf2 Bb8 18. a3 Ba7 19. Bxa7 Nxa7 20. e4 Ke7 21. exd5 Nxd5 22. Nxd5+ exd5 23. Rxc8 Nxc8 24. Rc1 Kd6 25. Kf2 Re8 26. Bf3 Nb6 27. b4 Na4 28. Rc2 Nb6 29. Rc5 Re7 30. Rc2 Re8 31. h4 f5 32. Bg2 g6 33. h5 Nd7 34. hxg6 hxg6 35. Bf3 a5 36. Rb2 Ra8 37. Ke3 axb4 38. axb4 Nf8 39. Rh2 Ne6 40. Rh6 Ra4 41. Bd1 Ra1 42. Kd2 Nf8 43. g4 Ke6 44. Rh8 Ke7 45. gxf5 gxf5 46. Rh5 Kf6 47. Rh6+ Ke7 48. Rb6 Ne6 49. Rxb5 Nxf4 50. Ra5 Rb1 51. Ra4 Nxd3 52. Bc2 Rxb4 53. Ra7+ Ke6 54. Bxd3 f4 55. Ra8 Rb7 56. Ke2 Rf7 57. Re8+ Kd6 58. Kf3 Kc5 59. Bc2 Kb4 60. Re5 Kc3 61. Bf5 d4 62. Kxf4 Rc7 63. Rd5 Rc4 64. Kf3 Rc7 65. Ke2 Re7+ 66. Kd1 Rf7 67. Ra5 Rb7 68. Rc5+ Kb4 69. Rc8 Rb6 70. Kd2 Rd6 71. Kd3 Kb5 72. Be4 Kb6 73. Rh8 Kc5 74. Rh5+ Kb4 75. Bd5 Kc5 76. Bc4+ Kb6 77. Bg8 Rd8 78. Bf7 Rd6 79. Be8 Rd8 80. Rb5+ Ka6 81. Re5 Kb6 82. Bf7 Rd6 83. Bc4 Rd8 84. Ke4 Rd6 85. Re8 Rd7 86. Rb8+ Kc5 87. Kd3 Rd6 88. Rb5+ Kc6 89. Rg5 Rd8 90. Bb3 Rd6 91. Bd1 Rd8 92. Bf3+ Kb6 93. Be4 Rd6 94. Kc4 Rd8 95. Bd5 Rh8 96. Rg6+ Kc7 97. Kxd4 Rh2 98. Kc5 Rc2+ 99. Bc4 Kd7 100. Rg7+ Ke8 101. Kd4 Rc1 102. Bd5 Kd8 103. Ke5 Rc7 104. Rg8+ Ke7 105. Rg1 Rd7 106. Rg8 Rc7 107. Rh8 Rd7 108. Rh6 Rc7 109. Bc6 Kf8 110. Be4 Ke7 111. Re6+ Kd7 112. Bd5 Rc1 113. Rd6+ Ke7 114. Ra6 Rc7 115. Ra8 Rd7 116. Rc8 Rd8 117. Rc7+ Rd7 118. Rc4 Ra7 119. Rc6 Rd7 120. Ra6 Rc7 121. Rh6 Rd7 122. Rh8 Rc7 123. Rh7+ Kd8 124. Rh6 Ke7 125. Re6+ Kd7 126. Rd6+ Ke7 127. Rf6 Rd7 128. Re6+ Kf7 129. Rh6+ Ke7 130. Bc6 Rc7 131. Re6+ Kf7 132. Be8+ Kf8 133. Bg6 Re7 1/2-1/2

[Event "CAN-ch"]
[Site "Toronto CAN"]
[Date "2025.04.20"]
[Round "6.25"]
[White "Hoekman, Samuel"]
[Black "Zhang, Daniel"]
[Result "1/2-1/2"]
[WhiteElo "1994"]
[BlackElo "1909"]
[WhiteFideId "-1"]
[WhiteFideId "-1"]
[PlyCount "72"]
[GameId "2173485821344584"]
[EventDate "2025.04.17"]
[EventType "swiss"]
[EventRounds "9"]
[EventCountry "CAN"]

1. d4 d5 2. c4 dxc4 3. Nf3 Nf6 4. e3 e6 5. Bxc4 c5 6. O-O a6 7. a4 Nc6 8. Nc3 Be7 9. dxc5 Bxc5 10. Qe2 Qc7 11. Bd2 O-O 12. Rac1 Bd7 13. Na2 Qd6 14. Rfd1 Qe7 15. Nc3 e5 16. Nd5 Nxd5 17. Bxd5 Bd6 18. e4 Nd4 19. Nxd4 exd4 20. Qh5 Rfc8 21. Bg5 Qe8 22. Rxc8 Rxc8 23. Rxd4 g6 24. Qd1 Bc5 25. Bxf7+ Qxf7 26. Rxd7 Qxf2+ 27. Kh1 Kh8 28. Qc1 Rf8 29. Rd8 Rxd8 30. Bxd8 Bd4 31. Bg5 Qxb2 32. Qc8+ Kg7 33. Qd7+ Kg8 34. Qe8+ Kg7 35. Qe7+ Kg8 36. Qe8+ Kg7 1/2-1/2

[Event "CAN-ch"]
[Site "Toronto CAN"]
[Date "2025.04.20"]
[Round "6.27"]
[White "Zhao, Jifan"]
[Black "Blair, Michael"]
[Result "0-1"]
[WhiteElo "1890"]
[BlackElo "1840"]
[WhiteFideId "-1"]
[WhiteFideId "-1"]
[PlyCount "48"]
[GameId "2173492467093195"]
[EventDate "2025.04.17"]
[EventType "swiss"]
[EventRounds "9"]
[EventCountry "CAN"]

1. e4 c5 2. Nf3 e6 3. g3 Nf6 4. Bg2 Nc6 5. Qe2 e5 6. c3 Be7 7. O-O O-O 8. Rd1 Re8 9. d3 d5 10. exd5 Nxd5 11. Nxe5 Nxe5 12. Qxe5 Bg4 13. Re1 Nf6 14. Bg5 Qd7 15. c4 h6 16. Bf4 Bd6 17. Qc3 Rxe1+ 18. Qxe1 Bxf4 19. gxf4 Qxd3 20. Bf1 Qg6 21. Bg2 Re8 22. Qf1 Be2 23. Qc1 Bf3 24. Qf1 Bxg2 0-1

[Event "CAN-ch"]
[Site "Toronto CAN"]
[Date "2025.04.21"]
[Round "7.1"]
[White "Noritsyn, Nikolay"]
[Black "Rodrigue-Lemieux, Shawn"]
[Result "1/2-1/2"]
[WhiteElo "2450"]
[BlackElo "2505"]
[WhiteFideId "-1"]
[WhiteFideId "-1"]
[PlyCount "129"]
[GameId "2170886165206390"]
[EventDate "2025.04.17"]
[EventType "swiss"]
[EventRounds "9"]
[EventCountry "CAN"]

1. e4 c6 2. d4 d5 3. exd5 cxd5 4. Nf3 Nc6 5. c3 Qc7 6. c4 e6 7. c5 Nf6 8. Bb5 Be7 9. O-O O-O 10. Bxc6 bxc6 11. Re1 Nd7 12. Nc3 Re8 13. b4 Bf6 14. Qd3 a5 15. b5 cxb5 16. Nxb5 Qc6 17. Bf4 e5 18. dxe5 Nxc5 19. Qc2 Qxb5 20. exf6 Rxe1+ 21. Rxe1 gxf6 22. Nd4 Qc4 23. Re8+ Kg7 24. Qxc4 dxc4 25. Nf5+ Kg6 26. Ne7+ Kh5 27. h3 Nd3 28. Bd2 c3 29. Bxc3 Bb7 30. g4+ Kh6 31. Rxa8 Bxa8 32. Bxa5 Kg7 33. a3 Kf8 34. Nf5 Ke8 35. Bc3 Nf4 36. Kh2 Nd5 37. Bd4 Bc6 38. Kg3 Kd7 39. Bb2 Ba4 40. f4 Bd1 41. Nh6 Ke8 42. Ng8 f5 43. g5 Kf8 44. Nf6 Nxf6 45. Bxf6 Ke8 46. Kf2 Kd7 47. Ke3 Ke6 48. Kd2 Bf3 49. Be5 Bg2 50. h4 Bf3 51. a4 Bc6 52. a5 Be4 53. Kc3 Bf3 54. Kd4 Bg2 55. Kc5 Bf3 56. Kb6 Kd7 57. Ka7 Kc8 58. Kb6 Kd7 59. a6 Be4 60. Bc3 Bf3 61. h5 Be4 62. Kc5 Ke6 63. a7 Bg2 64. Kd4 Be4 65. Bd2 1/2-1/2

[Event "CAN-ch"]
[Site "Toronto CAN"]
[Date "2025.04.21"]
[Round "7.2"]
[White "Kalinin, Dzmitry"]
[Black "Sambuev, Bator"]
[Result "1/2-1/2"]
[WhiteElo "2119"]
[BlackElo "2429"]
[WhiteFideId "-1"]
[WhiteFideId "-1"]
[PlyCount "102"]
[GameId "2170886165210487"]
[EventDate "2025.04.17"]
[EventType "swiss"]
[EventRounds "9"]
[EventCountry "CAN"]

1. d4 Nf6 2. c4 e6 3. Nc3 Bb4 4. Qc2 c5 5. dxc5 O-O 6. a3 Bxc5 7. Nf3 Nc6 8. Bg5 h6 9. Bh4 Be7 10. e3 Nh5 11. Bxe7 Qxe7 12. Be2 Nf6 13. O-O b6 14. Rfd1 Rd8 15. Ne4 Nxe4 16. Qxe4 Bb7 17. Rac1 Rac8 18. b4 d6 19. Qb1 Qf6 20. c5 Ne5 21. Nxe5 Qxe5 22. cxd6 Rxc1 23. Qxc1 Rxd6 24. Rxd6 Qxd6 25. Qc3 Qd5 26. f3 Qd6 27. Qd3 Qc7 28. Kf2 g5 29. h3 Bd5 30. Qd4 Qe7 31. a4 Bc6 32. a5 e5 33. Qc4 Qd6 34. axb6 axb6 35. h4 Bd7 36. hxg5 hxg5 37. Qd3 Qe7 38. Qe4 Kf8 39. Qd5 Kg7 40. Bc4 Bf5 41. g4 Bg6 42. b5 Qc7 43. Bd3 Bxd3 44. Qxd3 Qc5 45. Qd8 Kg6 46. Qd7 Qc2+ 47. Kg3 Qb1 48. Qc6+ Kg7 49. Qxb6 Qg1+ 50. Kh3 Qh1+ 51. Kg3 Qg1+ 1/2-1/2

[Event "CAN-ch"]
[Site "Toronto CAN"]
[Date "2025.04.21"]
[Round "7.5"]
[White "Atanasov, Anthony"]
[Black "Mendes, Aaron Reeve"]
[Result "1/2-1/2"]
[WhiteElo "2413"]
[BlackElo "2334"]
[WhiteFideId "-1"]
[WhiteFideId "-1"]
[PlyCount "83"]
[GameId "2170886165210490"]
[EventDate "2025.04.17"]
[EventType "swiss"]
[EventRounds "9"]
[EventCountry "CAN"]

1. e4 c6 2. d4 d5 3. e5 c5 4. Nf3 cxd4 5. Nxd4 Nc6 6. Nxc6 bxc6 7. Bd3 e6 8. O-O a5 9. Nd2 Qb6 10. Qh5 Ba6 11. Nf3 Bxd3 12. cxd3 Ne7 13. Be3 c5 14. Ng5 Ng6 15. f4 Be7 16. h4 Bxg5 17. Qxg5 Ne7 18. f5 d4 19. f6 h6 20. Qxg7 Rg8 21. Qh7 dxe3 22. fxe7 Kd7 23. Rxf7 Rae8 24. Qe4 Qxb2 25. Re1 Kc7 26. Rxe3 Qxa2 27. Rf2 Qb1+ 28. Re1 Qb4 29. d4 Rg4 30. Qxg4 Qxe1+ 31. Rf1 Qe3+ 32. Kh1 Qxd4 33. Qxe6 Qxh4+ 34. Kg1 Qd4+ 35. Kh1 Qh4+ 36. Kg1 Qd4+ 37. Rf2 Qd1+ 38. Kh2 Qh5+ 39. Kg1 Qd1+ 40. Kh2 Qh5+ 41. Kg3 Qg5+ 42. Kh2 1/2-1/2

[Event "CAN-ch"]
[Site "Toronto CAN"]
[Date "2025.04.21"]
[Round "7.7"]
[White "Duong, Thanh Nha"]
[Black "Yang, Ryan"]
[Result "0-1"]
[WhiteElo "2182"]
[BlackElo "2350"]
[WhiteFideId "-1"]
[WhiteFideId "-1"]
[PlyCount "80"]
[GameId "2170886165210492"]
[EventDate "2025.04.17"]
[EventType "swiss"]
[EventRounds "9"]
[EventCountry "CAN"]

1. b3 e5 2. Bb2 Nc6 3. e4 Nf6 4. Nc3 Bc5 5. h3 Bd4 6. Nf3 Bxc3 7. dxc3 Nxe4 8. Qe2 f5 9. O-O-O d6 10. Qe3 Qe7 11. Bb5 Bd7 12. g4 g6 13. gxf5 gxf5 14. Rhg1 a6 15. Bc4 O-O-O 16. Bd5 Nf6 17. c4 f4 18. Qe2 Nb4 19. a3 Nbxd5 20. cxd5 Bxh3 21. Ng5 Bf5 22. Nf3 Rhg8 23. Rxg8 Rxg8 24. Nd4 Qd7 25. Nxf5 Qxf5 26. c4 Qe4 27. Qd2 Qf3 28. Qc2 Qe4 29. Qc3 Nd7 30. Qh3 b6 31. Bc3 Rg2 32. Re1 Qg6 33. Qf3 Nc5 34. Rd1 Nxb3+ 35. Kb2 Nc5 36. Bb4 Ne4 37. Be1 Kb7 38. a4 a5 39. Ka3 Nc5 40. Qe2 Qe4 0-1

[Event "CAN-ch"]
[Site "Toronto CAN"]
[Date "2025.04.21"]
[Round "7.8"]
[White "Moses, Neil"]
[Black "Kot, Emanuel"]
[Result "1/2-1/2"]
[WhiteElo "2148"]
[BlackElo "2103"]
[WhiteFideId "-1"]
[WhiteFideId "-1"]
[PlyCount "88"]
[GameId "2172675268848768"]
[EventDate "2025.04.17"]
[EventType "swiss"]
[EventRounds "9"]
[EventCountry "CAN"]

1. e4 e6 2. d4 d5 3. exd5 exd5 4. Bd3 Nc6 5. c3 Bd6 6. Nf3 Qe7+ 7. Qe2 Qxe2+ 8. Kxe2 Nge7 9. Bg5 f6 10. Bh4 Ng6 11. Bg3 Nf4+ 12. Bxf4 Bxf4 13. g3 Bd6 14. h3 O-O 15. Kf1 Bd7 16. Kg2 Nd8 17. Nbd2 Nf7 18. Nf1 c6 19. Ne3 Rfe8 20. Rae1 Re7 21. Nf5 Bxf5 22. Bxf5 Rae8 23. Rxe7 Rxe7 24. Bd3 g6 25. h4 Kg7 26. b4 b6 27. Nd2 Rc7 28. Nf1 a5 29. a3 axb4 30. axb4 b5 31. Ne3 Ra7 32. Nc2 Bf8 33. Ra1 Rxa1 34. Nxa1 Nd8 35. Nb3 Kf7 36. Kf3 Ke6 37. g4 Bd6 38. h5 f5 39. gxf5+ gxf5 40. Bc2 Kf6 41. Bd1 Kg5 42. Ke3 Bf4+ 43. Kd3 Bc7 44. Ke3 Bf4+ 1/2-1/2

[Event "CAN-ch"]
[Site "Toronto CAN"]
[Date "2025.04.21"]
[Round "7.9"]
[White "Lu, Eddie"]
[Black "Windram, James"]
[Result "1-0"]
[WhiteElo "1889"]
[BlackElo "1953"]
[WhiteFideId "-1"]
[WhiteFideId "-1"]
[PlyCount "67"]
[GameId "2172717013986540"]
[EventDate "2025.04.17"]
[EventType "swiss"]
[EventRounds "9"]
[EventCountry "CAN"]

1. e4 c5 2. Nf3 d6 3. d4 cxd4 4. Nxd4 Nf6 5. Nc3 Nc6 6. h3 e5 7. Nf3 Be7 8. g4 Be6 9. g5 Nd7 10. Be3 Nb6 11. Qd2 Nc4 12. Bxc4 Bxc4 13. Nd5 Bxd5 14. exd5 Nb8 15. h4 Nd7 16. h5 Qc7 17. O-O-O Qc4 18. Kb1 Rf8 19. Rh4 Qc7 20. Qd3 Rc8 21. Qxh7 f5 22. gxf6 Rxf6 23. Ng5 g6 24. c3 Nf8 25. Qh6 Qd7 26. Ne4 Qf5 27. Kc1 Rf7 28. Ng3 Qf6 29. hxg6 Rg7 30. Nh5 Qxh4 31. Nxg7+ Kd7 32. Qxh4 Bxh4 33. Rg1 b5 34. Nf5 1-0

[Event "CAN-ch"]
[Site "Toronto CAN"]
[Date "2025.04.21"]
[Round "7.10"]
[White "Marchand, Calix"]
[Black "Cummings, David"]
[Result "0-1"]
[WhiteElo "2104"]
[BlackElo "2257"]
[WhiteFideId "-1"]
[WhiteFideId "-1"]
[PlyCount "120"]
[GameId "2172718670986484"]
[EventDate "2025.04.17"]
[EventType "swiss"]
[EventRounds "9"]
[EventCountry "CAN"]

1. d4 Nf6 2. Nc3 d5 3. Bf4 e6 4. Nb5 Bb4+ 5. c3 Ba5 6. e3 a6 7. Na3 O-O 8. Nf3 Nbd7 9. Nb1 c5 10. Nbd2 Bc7 11. Bd3 Bxf4 12. exf4 cxd4 13. Nxd4 Qc7 14. Ne2 e5 15. fxe5 Nxe5 16. Qc2 Bd7 17. O-O Nxd3 18. Qxd3 Bb5 19. Qf3 Rae8 20. c4 dxc4 21. Nc3 Bc6 22. Qf5 b5 23. a3 Bd7 24. Qg5 h6 25. Qh4 Re5 26. Qf4 Qc5 27. Nf3 Rf5 28. Qh4 Bc6 29. Nd4 Rg5 30. Nxc6 Qxc6 31. f3 Qc5+ 32. Kh1 Re5 33. Rad1 Rfe8 34. Qd4 Qxd4 35. Rxd4 Kf8 36. Kg1 Re1 37. Rd6 Rxf1+ 38. Kxf1 Re6 39. Rd8+ Ke7 40. Ra8 Rd6 41. Ke2 Nd7 42. Ra7 f5 43. Nd1 Kf6 44. Rc7 Ne5 45. Nf2 Nd3 46. Nxd3 Rxd3 47. f4 Rb3 48. Rc6+ Ke7 49. Rxa6 Rxb2+ 50. Kf3 Kd7 51. Rg6 Rb3+ 52. Ke2 Rxa3 53. Rxg7+ Kc6 54. Rg6+ Kd5 55. Rxh6 b4 56. h4 b3 57. Rb6 Kd4 58. h5 Kc3 59. h6 Ra7 60. Kf3 b2 0-1

[Event "CAN-ch"]
[Site "Toronto CAN"]
[Date "2025.04.21"]
[Round "7.11"]
[White "Bao, Tony"]
[Black "Jaferian, Koosha"]
[Result "0-1"]
[WhiteElo "1979"]
[BlackElo "2293"]
[WhiteFideId "-1"]
[WhiteFideId "-1"]
[PlyCount "92"]
[GameId "2172730803199234"]
[EventDate "2025.04.17"]
[EventType "swiss"]
[EventRounds "9"]
[EventCountry "CAN"]

1. c4 c5 2. g3 g6 3. Bg2 Bg7 4. Nc3 Nc6 5. Nf3 d6 6. O-O Rb8 7. e3 Nf6 8. d4 O-O 9. h3 Bd7 10. Qe2 Qc8 11. Kh2 a6 12. Rd1 Na5 13. dxc5 Qxc5 14. Nd2 Qc7 15. Rb1 Rfc8 16. b3 b5 17. Nd5 Nxd5 18. cxd5 Qc2 19. a3 Bf5 20. e4 Bd7 21. Bf3 Bc3 22. Qe3 Rb7 23. b4 Bxd2 24. Bxd2 Nc4 25. Qe1 Nxd2 26. Rxd2 Qc3 27. Bd1 Qxa3 28. Rb3 Qa1 29. Qe2 Rc4 30. Rdb2 Rbc7 31. Bc2 Qc1 32. Bd3 Rc3 33. Rxc3 Rxc3 34. Ra2 Bc8 35. f4 Bxh3 36. Rc2 Rxc2 37. Bxc2 Bg4 38. Qf2 Bf3 39. Qxf3 Qxc2+ 40. Kh3 Qc4 41. e5 Qxb4 42. Qg4 Qc5 43. exd6 Qxd5 44. Qc8+ Kg7 45. d7 Qh1+ 46. Kg4 h5+ 0-1

[Event "CAN-ch"]
[Site "Toronto CAN"]
[Date "2025.04.21"]
[Round "7.12"]
[White "Song, Ethan"]
[Black "Darvekar, Yash"]
[Result "1-0"]
[WhiteElo "2291"]
[BlackElo "2024"]
[WhiteFideId "-1"]
[WhiteFideId "-1"]
[PlyCount "75"]
[GameId "2172734755040522"]
[EventDate "2025.04.17"]
[EventType "swiss"]
[EventRounds "9"]
[EventCountry "CAN"]

1. e4 c5 2. Nf3 d6 3. Nc3 Nf6 4. d4 cxd4 5. Nxd4 a6 6. h3 e5 7. Nde2 h5 8. g3 Be7 9. Bg2 Nbd7 10. a4 b6 11. Be3 Bb7 12. O-O O-O 13. Nd5 Bxd5 14. exd5 Qc7 15. Ra3 a5 16. Rc3 Nc5 17. f4 Rad8 18. Rc4 Qd7 19. b3 g6 20. Qa1 e4 21. Qd1 Qf5 22. Nc3 Rfe8 23. Rd4 Bf8 24. Rd2 Bg7 25. Nb5 Kh8 26. c4 Ng8 27. g4 Qd7 28. f5 Nh6 29. Nd4 Bxd4 30. Rxd4 Kh7 31. fxg6+ fxg6 32. Bxh6 Kxh6 33. gxh5 gxh5 34. Qc1+ e3 35. Rdf4 Nd3 36. Rf6+ Kg7 37. Qc3 Ne5 38. Qxe3 1-0

[Event "CAN-ch"]
[Site "Toronto CAN"]
[Date "2025.04.21"]
[Round "7.13"]
[White "Wang, Harry"]
[Black "Zhong, Ryan Yunhui"]
[Result "1-0"]
[WhiteElo "2181"]
[BlackElo "2078"]
[WhiteFideId "-1"]
[WhiteFideId "-1"]
[PlyCount "100"]
[GameId "2172748772175125"]
[EventDate "2025.04.17"]
[EventType "swiss"]
[EventRounds "9"]
[EventCountry "CAN"]

1. d4 d5 2. c4 dxc4 3. e3 a6 4. Bxc4 e6 5. Nf3 Nf6 6. O-O b5 7. Bd3 Bb7 8. a4 b4 9. Nbd2 c5 10. Qe2 Nbd7 11. Rd1 Qc7 12. Nb3 Be7 13. Bd2 O-O 14. Rac1 Qb6 15. a5 Qa7 16. dxc5 Nxc5 17. Nxc5 Bxc5 18. Rc4 Rab8 19. e4 Ng4 20. Be1 f6 21. Rdc1 Rbc8 22. Qc2 b3 23. Qe2 Ne5 24. Nxe5 fxe5 25. R1c3 Bd4 26. Rxb3 Rxc4 27. Bxc4 Bc8 28. Rf3 Rxf3 29. Qxf3 Qe7 30. Qb3 Kf7 31. Qf3+ Kg8 32. b4 Qg5 33. Qd1 Qg6 34. Qc2 Qe8 35. Bd3 Qd7 36. h3 h6 37. Bc3 Bb7 38. Bxd4 exd4 39. Qc5 Kf7 40. Qe5 Kg8 41. Kf1 Bc8 42. Qc5 Kh7 43. Ke2 Bb7 44. f4 g6 45. g4 Kg8 46. Kd2 Qf7 47. Qd6 g5 48. Qd8+ Kg7 49. Qxd4+ Kg8 50. f5 exf5 1-0

[Event "CAN-ch"]
[Site "Toronto CAN"]
[Date "2025.04.21"]
[Round "7.14"]
[White "Gavrilin, Roman"]
[Black "Xu, Leon"]
[Result "1-0"]
[WhiteElo "2170"]
[BlackElo "1969"]
[WhiteFideId "-1"]
[WhiteFideId "-1"]
[PlyCount "123"]
[GameId "2172752830799136"]
[EventDate "2025.04.17"]
[EventType "swiss"]
[EventRounds "9"]
[EventCountry "CAN"]

1. e4 e6 2. d4 d5 3. Nc3 Bb4 4. Nge2 dxe4 5. a3 Bxc3+ 6. Nxc3 Nc6 7. Bf4 Nf6 8. Bb5 O-O 9. Bxc6 bxc6 10. Qd2 Nd5 11. Bg3 Ba6 12. Nxe4 Nb6 13. Nc5 Bc8 14. O-O Qe7 15. Rfe1 a5 16. a4 Rd8 17. Qf4 Ra7 18. Rad1 Rd5 19. b3 Qf6 20. Qe3 Rh5 21. c4 Qf5 22. Ne4 h6 23. Bxc7 Rxc7 24. Ng3 Qg5 25. Nxh5 Qxh5 26. d5 c5 27. Qd2 exd5 28. cxd5 Bb7 29. Qxa5 Nxd5 30. f3 Rc8 31. Qa7 Ba8 32. Qd7 Nb6 33. Re8+ Kh7 34. Qd3+ f5 35. Rxc8 Nxc8 36. g4 Qg6 37. Qxf5 Ne7 38. Qxg6+ Kxg6 39. Rc1 Bd5 40. Rxc5 Bxb3 41. a5 Bd5 42. Kf2 Kf6 43. a6 Ke6 44. a7 Ba8 45. Rb5 Nd5 46. Rb8 Nc7 47. Rc8 Kd7 48. Rb8 Bd5 49. f4 Ke7 50. Ke3 Bc6 51. Kd4 Bf3 52. Ke5 Na8 53. h4 Nc7 54. g5 hxg5 55. hxg5 Bg2 56. f5 Bf3 57. Rc8 Na8 58. Rh8 Nb6 59. Rh7 Kf8 60. g6 Kg8 61. Rh3 Bd5 62. Rd3 1-0

[Event "CAN-ch"]
[Site "Toronto CAN"]
[Date "2025.04.21"]
[Round "7.15"]
[White "Liu, Sean"]
[Black "Lin, Leo"]
[Result "1/2-1/2"]
[WhiteElo "1937"]
[BlackElo "2119"]
[WhiteFideId "-1"]
[WhiteFideId "-1"]
[PlyCount "83"]
[GameId "2172756577253488"]
[EventDate "2025.04.17"]
[EventType "swiss"]
[EventRounds "9"]
[EventCountry "CAN"]

1. e4 c5 2. Nf3 d6 3. d4 cxd4 4. Nxd4 Nf6 5. Nc3 Nc6 6. Bg5 e6 7. Qd2 a6 8. O-O-O Bd7 9. f3 Be7 10. Kb1 h6 11. Be3 h5 12. Bd3 Qc7 13. h3 h4 14. Nce2 b5 15. Nxc6 Bxc6 16. Rhe1 d5 17. exd5 Nxd5 18. Nd4 Bb7 19. c3 O-O-O 20. Bg1 Bd6 21. Qc2 g6 22. a4 b4 23. c4 Nf4 24. Nb3 Nxd3 25. Rxd3 Bg3 26. Red1 Rxd3 27. Rxd3 Rh5 28. a5 Qc6 29. Bb6 Bc7 30. Nd4 Qe8 31. c5 Bd5 32. Ne2 Qb5 33. b3 Be5 34. Nd4 Bxd4 35. Rxd4 Re5 36. Rd2 Re3 37. Kb2 Rc3 38. Qd1 g5 39. Rd4 Rxb3+ 40. Qxb3 Bxb3 41. Kxb3 Kb7 42. Rd6 1/2-1/2

[Event "CAN-ch"]
[Site "Toronto CAN"]
[Date "2025.04.21"]
[Round "7.16"]
[White "Dhaliwal, Jaipreet Singh"]
[Black "Tan, Brendan"]
[Result "1-0"]
[WhiteElo "2109"]
[BlackElo "1960"]
[WhiteFideId "-1"]
[WhiteFideId "-1"]
[PlyCount "77"]
[GameId "2172825447880928"]
[EventDate "2025.04.17"]
[EventType "swiss"]
[EventRounds "9"]
[EventCountry "CAN"]

1. e4 e5 2. Nf3 Nc6 3. Bc4 Bc5 4. c3 Nf6 5. d3 O-O 6. O-O d5 7. exd5 Nxd5 8. Re1 Bg4 9. Nbd2 Kh8 10. h3 Bh5 11. Ne4 Be7 12. Ng3 Bg6 13. Nxe5 Nxe5 14. Rxe5 Nb6 15. Bb3 Bd6 16. Re1 f5 17. f4 Qh4 18. Qf3 Be8 19. Qf2 Bc6 20. Be3 Rf6 21. Ne2 Qh6 22. Nd4 Bd7 23. Kf1 c5 24. Nf3 Bxf4 25. Bxc5 Rg6 26. Be3 Bc6 27. Ne5 Bxe5 28. Bxh6 Bg3 29. Qd2 Bxe1 30. Rxe1 gxh6 31. Qf4 Bxg2+ 32. Kf2 Nd7 33. Re7 Nf6 34. Bf7 Rg7 35. Qe5 Rf8 36. Qxf6 Bxh3 37. Bd5 Rxf6 38. Re8+ Rg8 39. Rxg8# 1-0

[Event "CAN-ch"]
[Site "Toronto CAN"]
[Date "2025.04.21"]
[Round "7.17"]
[White "Teodoro, Eduardo"]
[Black "Trofimov-Malyshkin, Valentyn"]
[Result "0-1"]
[WhiteElo "2350"]
[BlackElo "1982"]
[WhiteFideId "-1"]
[WhiteFideId "-1"]
[PlyCount "64"]
[GameId "2172829983213800"]
[EventDate "2025.04.17"]
[EventType "swiss"]
[EventRounds "9"]
[EventCountry "CAN"]

1. e4 e6 2. d4 d5 3. exd5 exd5 4. c4 Nf6 5. Nc3 c6 6. Nf3 Bd6 7. h3 O-O 8. c5 Re8+ 9. Be2 Bf8 10. O-O Ne4 11. Nxe4 dxe4 12. Ne5 Be6 13. f3 exf3 14. Bxf3 Nd7 15. Ng4 Bc4 16. Rf2 Nxc5 17. Rd2 Nd7 18. b3 Bd5 19. Bxd5 cxd5 20. Rf2 Re6 21. Qf1 Qe8 22. Qb5 Nb6 23. Qa5 Re1+ 24. Rf1 Rxf1+ 25. Kxf1 Qe4 26. Bb2 Rc8 27. Nf2 Qf4 28. Qe1 Rc2 29. Bc3 h5 30. a4 Be7 31. Kg1 Bh4 32. Qe8+ Kh7 0-1